Statistics for Cities and Counties of Virginia

Click here to take the quiz!

General Stats

  • This quiz has been taken 13 times
    (10 since last reset)
  • The average score is 67 of 133

Answer Stats

County or City Name% Correct
Charlotte
100%
Charlottesville
100%
Chesapeake
100%
Fairfax
100%
Hampton
100%
Harrisonburg
100%
Lynchburg
100%
Manassas
100%
Prince William
100%
Richmond
100%
Roanoke
100%
Alexandria
83%
Arlington
83%
Bristol
83%
Danville
83%
Manassas Park
83%
Newport News
83%
Norfolk
83%
Portsmouth
83%
Staunton
83%
Virginia Beach
83%
Washington
83%
Winchester
83%
Accomack
67%
Appomattox
67%
Buckingham
67%
Franklin
67%
Frederick
67%
Fredericksburg
67%
Isle of Wight
67%
King and Queen
67%
Lee
67%
Madison
67%
Prince Edward
67%
Shenandoah
67%
Suffolk
67%
Williamsburg
67%
Albemarle
50%
Alleghany
50%
Bedford
50%
Chesterfield
50%
Emporia
50%
Falls Church
50%
Fauquier
50%
Goochland
50%
Henrico
50%
James City
50%
King George
50%
Lexington
50%
New Kent
50%
Northampton
50%
Page
50%
Petersburg
50%
Southampton
50%
Stafford
50%
Surry
50%
Warren
50%
York
50%
Amelia
33%
Amherst
33%
Augusta
33%
Bath
33%
Bland
33%
Botetourt
33%
Brunswick
33%
Buchanan
33%
Buena Vista
33%
Campbell
33%
Caroline
33%
Carroll
33%
Charles City
33%
Clarke
33%
Colonial Heights
33%
Covington
33%
Craig
33%
Culpeper
33%
Cumberland
33%
Dickenson
33%
Dinwiddie
33%
Essex
33%
Floyd
33%
Fluvanna
33%
Franklin County
33%
Galax
33%
Giles
33%
Gloucester
33%
Grayson
33%
Greene
33%
Greensville
33%
Halifax
33%
Hanover
33%
Henry
33%
Highland
33%
Hopewell
33%
King William
33%
Lancaster
33%
Loudon
33%
Louisa
33%
Lunenburg
33%
Martinsville
33%
Matthews
33%
Mecklenburg
33%
Middlesex
33%
Montgomery
33%
Nelson
33%
Northumberland
33%
Nottoway
33%
Orange
33%
Patrick
33%
Pittsylvania
33%
Poquoson
33%
Powhatan
33%
Prince George
33%
Pulaski
33%
Radford
33%
Rappahannock
33%
Rockbridge
33%
Rockingham
33%
Salem
33%
Smyth
33%
Sussex
33%
Tazewell
33%
Westmoreland
33%
Wise
33%
Wythe
33%
Norton
17%
Russell
17%
Scott
17%
Waynesboro
17%
Spotyslvania
0%

Score Distribution

Percentile by Number Answered

Percent of People with Each Score

Your Score History

You have not taken this quiz since the last reset